| 000 | 00391nam a2200109Ia 4500 | ||
|---|---|---|---|
| 008 | 171204s9999 xx 000 0 und d | ||
| 245 | 4 | _aThe Filmmaker's Guide to Digital Imaging: for Cinematographers, Digital Imaging Technicians, and Camera Assistants: | |
| 245 | _cBlain Brown | ||
| 260 | _c2014 | ||
| 650 | _xINTRODUCTION TO FILM | ||
| 856 | _uhttp://down.ebook777.com/041/9780415854115.pdf | ||
| 999 |
_c346094 _d346094 |
||